<?xml version="1.0" encoding="UTF-8"?>
<collection xmlns="http://www.loc.gov/MARC21/slim">
<record>
  <controlfield tag="001">95690</controlfield>
  <controlfield tag="005">20240122154814.0</controlfield>
  <datafield tag="024" ind1="7" ind2=" ">
    <subfield code="2">doi</subfield>
    <subfield code="a">10.1021/acs.inorgchem.0c01701</subfield>
  </datafield>
  <datafield tag="024" ind1="8" ind2=" ">
    <subfield code="2">sideral</subfield>
    <subfield code="a">120327</subfield>
  </datafield>
  <datafield tag="037" ind1=" " ind2=" ">
    <subfield code="a">ART-2020-120327</subfield>
  </datafield>
  <datafield tag="041" ind1=" " ind2=" ">
    <subfield code="a">eng</subfield>
  </datafield>
  <datafield tag="100" ind1=" " ind2=" ">
    <subfield code="a">Sicilia, V.</subfield>
    <subfield code="u">Universidad de Zaragoza</subfield>
    <subfield code="0">(orcid)0000-0002-0257-0483</subfield>
  </datafield>
  <datafield tag="245" ind1=" " ind2=" ">
    <subfield code="a">Metal-Metal Cooperation in the Oxidation of a Flapping Platinum Butterfly by Haloforms: Experimental and Theoretical Evidence</subfield>
  </datafield>
  <datafield tag="260" ind1=" " ind2=" ">
    <subfield code="c">2020</subfield>
  </datafield>
  <datafield tag="506" ind1="0" ind2=" ">
    <subfield code="a">Access copy available to the general public</subfield>
    <subfield code="f">Unrestricted</subfield>
  </datafield>
  <datafield tag="520" ind1="3" ind2=" ">
    <subfield code="a">The model 1-DFT for the butterfly complex [{Pt(C¿C*)(µ-pz)}2] (1; HC¿C* = 1-(4-(ethoxycarbonyl)phenyl)-3-methyl-1H-imidazol-2-ylidene) shows two minima in the potential energy surface of the ground state in acetone solution: the butterfly-wing-spreading molecules 1-s, (dPt-Pt ˜ 3.20 Å) and the wing-folding molecules 1-f (dPt-Pt = 3.00 Å). Both minima are very close in energy (¿G° = 1.7 kcal/mol) and are connected through a transition state, which lies only 1.9 kcal/mol above 1-s and 0.2 kcal/mol above 1-f. These very low barriers support a fast interconversion process, resembling a butterfly flapping, and the presence of both conformers in acetone solution. However, the 1-f ratio is so low that it is undetectable in the excitation and emission spectra of 1 in 2-MeTHF of diluted solutions (10-5 M) at 77 K, while it is seen in more concentrated solutions (10-3 M). In acetone solution, 1 undergoes a [2c, 2e] oxidation by CHX3 (X = Cl, Br) in the sunlight to render the Pt2(III, III) compounds [{Pt(C¿C*)(µ-pz)X)}2] (X = Cl (2-Cl), Br (2-Br)). In concentrated solutions, 1 can react with CHCl3 under blue light to give 2-Cl and with CHBr3 in the dark, the latter rendering the compound [BrPt(C¿C*)(µ-pz)2Pt(C¿C*)CHBr2] (3-Br) or mixtures of 2-Br and 3-Br if the reaction is performed under an argon atmosphere or in the air, respectively. Mechanistic studies showed that in concentrated solutions the oxidation processes follow a radical mechanism being the MMLCT-based species 1-f, those which trigger the reaction of 1 with CHBr3 and CHCl3. In the ground state (S0f), it promotes the thermal oxidation of 1 by CHBr3 and in the first singlet excited state (S1f) the blue-light-driven photooxidation of 1 by CHCl3. Complexes, 2-Cl, 2-Br, and 3-Br were selectively obtained and fully characterized, showing Pt-Pt distances (ca. 2.6 Å) shorter than that of the starting complex, 1. They are, together with the analogous [{Pt(C¿C*)(µ-pz)I)}2] and [IPt(C¿C*)(µ-pz)2Pt(C¿C*)CHI2], the only dinuclear metal-metal-bonded PtIII(µ-pz)2PtIII compounds reported to date.</subfield>
  </datafield>
  <datafield tag="536" ind1=" " ind2=" ">
    <subfield code="9">info:eu-repo/grantAgreement/ES/CSIC/2018801070-PIE-147</subfield>
    <subfield code="9">info:eu-repo/grantAgreement/ES/DGA/E17-20R</subfield>
    <subfield code="9">info:eu-repo/grantAgreement/ES/DGA-FEDER/Construyendo Europa desde Aragón</subfield>
    <subfield code="9">info:eu-repo/grantAgreement/ES/MICIU-FEDER/PGC2018-094749-B-I00</subfield>
  </datafield>
  <datafield tag="540" ind1=" " ind2=" ">
    <subfield code="9">info:eu-repo/semantics/openAccess</subfield>
    <subfield code="a">All rights reserved</subfield>
    <subfield code="u">http://www.europeana.eu/rights/rr-f/</subfield>
  </datafield>
  <datafield tag="590" ind1=" " ind2=" ">
    <subfield code="a">5.165</subfield>
    <subfield code="b">2020</subfield>
  </datafield>
  <datafield tag="591" ind1=" " ind2=" ">
    <subfield code="a">CHEMISTRY, INORGANIC &amp; NUCLEAR</subfield>
    <subfield code="b">5 / 45 = 0.111</subfield>
    <subfield code="c">2020</subfield>
    <subfield code="d">Q1</subfield>
    <subfield code="e">T1</subfield>
  </datafield>
  <datafield tag="592" ind1=" " ind2=" ">
    <subfield code="a">1.348</subfield>
    <subfield code="b">2020</subfield>
  </datafield>
  <datafield tag="593" ind1=" " ind2=" ">
    <subfield code="a">Chemistry (miscellaneous)</subfield>
    <subfield code="c">2020</subfield>
    <subfield code="d">Q1</subfield>
  </datafield>
  <datafield tag="593" ind1=" " ind2=" ">
    <subfield code="a">Physical and Theoretical Chemistry</subfield>
    <subfield code="c">2020</subfield>
    <subfield code="d">Q1</subfield>
  </datafield>
  <datafield tag="593" ind1=" " ind2=" ">
    <subfield code="a">Inorganic Chemistry</subfield>
    <subfield code="c">2020</subfield>
    <subfield code="d">Q1</subfield>
  </datafield>
  <datafield tag="655" ind1=" " ind2="4">
    <subfield code="a">info:eu-repo/semantics/article</subfield>
    <subfield code="v">info:eu-repo/semantics/acceptedVersion</subfield>
  </datafield>
  <datafield tag="700" ind1=" " ind2=" ">
    <subfield code="a">Arnal, L.</subfield>
    <subfield code="u">Universidad de Zaragoza</subfield>
    <subfield code="0">(orcid)0000-0002-0283-9307</subfield>
  </datafield>
  <datafield tag="700" ind1=" " ind2=" ">
    <subfield code="a">Fuertes, S.</subfield>
    <subfield code="0">(orcid)0000-0003-1812-3175</subfield>
  </datafield>
  <datafield tag="700" ind1=" " ind2=" ">
    <subfield code="a">Martín, A.</subfield>
    <subfield code="0">(orcid)0000-0002-7292-8591</subfield>
  </datafield>
  <datafield tag="700" ind1=" " ind2=" ">
    <subfield code="a">Baya, M.</subfield>
    <subfield code="u">Universidad de Zaragoza</subfield>
    <subfield code="0">(orcid)0000-0002-2492-625X</subfield>
  </datafield>
  <datafield tag="710" ind1="2" ind2=" ">
    <subfield code="1">2010</subfield>
    <subfield code="2">760</subfield>
    <subfield code="a">Universidad de Zaragoza</subfield>
    <subfield code="b">Dpto. Química Inorgánica</subfield>
    <subfield code="c">Área Química Inorgánica</subfield>
  </datafield>
  <datafield tag="773" ind1=" " ind2=" ">
    <subfield code="g">59, 17 (2020), 12586-12594</subfield>
    <subfield code="p">Inorg. chem.</subfield>
    <subfield code="t">Inorganic Chemistry</subfield>
    <subfield code="x">0020-1669</subfield>
  </datafield>
  <datafield tag="856" ind1="4" ind2=" ">
    <subfield code="s">647787</subfield>
    <subfield code="u">http://zaguan.unizar.es/record/95690/files/texto_completo.pdf</subfield>
    <subfield code="y">Postprint</subfield>
  </datafield>
  <datafield tag="856" ind1="4" ind2=" ">
    <subfield code="s">78372</subfield>
    <subfield code="u">http://zaguan.unizar.es/record/95690/files/texto_completo.jpg?subformat=icon</subfield>
    <subfield code="x">icon</subfield>
    <subfield code="y">Postprint</subfield>
  </datafield>
  <datafield tag="909" ind1="C" ind2="O">
    <subfield code="o">oai:zaguan.unizar.es:95690</subfield>
    <subfield code="p">articulos</subfield>
    <subfield code="p">driver</subfield>
  </datafield>
  <datafield tag="951" ind1=" " ind2=" ">
    <subfield code="a">2024-01-22-15:33:58</subfield>
  </datafield>
  <datafield tag="980" ind1=" " ind2=" ">
    <subfield code="a">ARTICLE</subfield>
  </datafield>
</record>
</collection>